000 00643nam a22001817a 4500
999 _c187207
_d187207
005 20220406114403.0
010 _aENG-132229
020 _a9789388409520
_c695.00
035 _aEN-115761
037 _bDBAD/PUB
082 _a294.5170954
100 _aGautier, Francois
245 _aHindu Power in the 21st Century:
_bResistance, Fears and Obstacles/
_cFrancois Gautier
260 _aNew Delhi
_bHar-anand Publication PVT LTD
_c2021
270 _aE-49/3, Okhla industrial Area, Phase-II New Delhi
_bNew Delhi
_e110020
_k41603490
_minfo@haranandbook.com
300 _a192p.
_c23cm(hbk)
942 _2ddc
_cEN
_mGAU
_h294.5170954